Score 0/32 Timer 03:00
0 Plays Today
Clue Word % Correct
The 'skin' of a treeBARK
95.8%
A farm structure that is typically redBARN
94.7%
♪ Bruce Springsteen's '___ in the USA'BORN
93.5%
Workplace superiorBOSS
92.5%
♪ A large stringed instrumentBASS
91.6%
Country known for its cigarsCUBA
90%
♪ Trumpet, e.g.HORN
89.9%
♪ The Beatle's '___ in the USSR'BACK
89.2%
Food marketed as 'Chicken of the Sea'TUNA
88.7%
♪ German composer Johann SebastianBACH
88.5%
♪ To bring into proper pitchTUNE
87.5%
♪ Typically the lowest brass instrumentTUBA
87.4%
Ryan Seacrest, on 'American Idol'HOST
86.7%
A large partyBASH
83.3%
♪ Rapper Ice ___CUBE
83.3%
Texas nickname: _____ Star StateLONE
81.6%
Clue Word % Correct
Feathery scarvesBOAS
80.9%
♪ J-Lo's 'Love Don't ___ a Thing'COST
79.6%
♪ A unit of time in musicBEAT
78.9%
ZilchNONE
78.4%
___ d' oeuvresHORS
77.9%
♪ 'Rock the ___' by the Hues CorporationBOAT
77.3%
Adam and Joe's brother on 'Bonanza'HOSS
69.6%
♪ Whole, half, and quarter, e.g.NOTE
66.1%
♪ Little Richard classic: '___ Tall Sally'LONG
65.1%
Part of a tuning forkTINE
63.1%
♪ A musical compositionSONG
60.4%
Short form of eveningNITE
57.7%
♪ Musical version of Fellini's '8 and a half'NINE
50.8%
♪ 'Boys Don't Cry' BandCURE
44.5%
Short with wordsCURT
43.5%
Actor Bud of 'Harold and Maude'CORT
35.4%

Today's Daily Dose

Missing Word
'T' Pairs

Word Ladder
Game Pieces

Get the Picture
Baseball Movies

Remove Ads.
Support Sporcle.
Get the best of Sporcle when you Go Orange. This ad-free experience offers more features, more stats, and more fun while also helping to support Sporcle. Thank you for becoming a member.

You're not logged in!

Compare scores with friends on all Sporcle quizzes.
OR
Log In

Show Comments

Extras

Top Quizzes Today


Score Distribution

Your Account Isn't Verified!

In order to create a playlist on Sporcle, you need to verify the email address you used during registration. Go to your Sporcle Settings to finish the process.

Report this User

Report this user for behavior that violates our Community Guidelines.

Details: